| 000 | 00373nam a22001337a 4500 | ||
|---|---|---|---|
| 008 | 200318b ||||| |||| 00| 0 eng d | ||
| 020 | _a9789388902717 | ||
| 100 | _aJohn, Nitin Ashok | ||
| 245 | _aC C Chatterjee's Human Physiology | ||
| 250 |
_a13nd _b2020 |
||
| 260 |
_aNew Delhi _bCBS Publishers & Distributors |
||
| 650 | _aHuman Anatomy and Physiology | ||
| 942 |
_2ddc _cBK |
||
| 999 |
_c8577 _d8577 |
||